Responsabilidad social empresarial Un modelo de gestin̤ para las organizaciones /

Detalles Bibliográficos
Autor principal: Uribe Maca̕s, Mario Enrique
Formato: eBook
Lenguaje:español
Publicado: Bogot:̀ Ediciones de la U, 2020
Materias:
Acceso en línea:Acceso restringido

MARC

LEADER 00000nam a22000007a 4500
005 20210702005359.0
007 cr|||| ||||
008 210702s2020 co |||||s|||| 00||0 spa d
020 |a 978-958-792-207-3 
035 |a 33453 
040 |a vLex 
090 |c 11829  |d 11829 
100 1 |a Uribe Maca̕s, Mario Enrique 
245 1 0 |a Responsabilidad social empresarial  |h [Recurso electrn̤ico] :  |b Un modelo de gestin̤ para las organizaciones /  |c Mario Enrique Uribe Maca̕s 
256 |a Servicio en ln̕ea 
260 |a Bogot:̀  |b Ediciones de la U,  |c 2020 
300 |a 1 recurso electrn̤ico 
500 |a Las relaciones de las empresas con su entorno han cambiado sustancialmente durante las l︢timas dčadas. Diferentes grupos, conformados por agentes ecoƠnm̤icos con intereses similares, han venido surgiendo e impactando lo que las organizaciones desarrollan a nivel de productos, servicios, publicidad, enƠtre otras actividades que antes pareca̕n tener solo un destinatario: los clientes.Las apariciones de estos grupos con intereses similares han creado una cultura basada en la aspiracin̤ de, y en muchas ocasiones exigencias para, que las empresas satisfagan dichos intereses y vayan ms̀ all ̀de lo que la ley les exige. Estos grupos tienen como caracters̕tica esencial que han venido construyenƠdo relaciones de poder que ejercen de una forma u otra con las organizaciones que les son significativas. En la literatura, estos grupos son conocidos como stakeholders.De otra parte, cada vez ms̀ la ciudadana̕ en su conjunto (en donde se geneƠran los grupos de interš) ha incrementado el nivel de sus preocupaciones por los efectos que sobre la sociedad causan las empresas, cuando desarrollan su objeto social. Lo anterior unido a las preocupaciones medioambientales que estǹ ligadas al hecho de que por fin la humanidad entendi ̤que est ̀acabanƠdo con el planeta y poniendo en tela de juicio su sostenibilidad, con efectos devastadores para las actuales y futuras generaciones. 
506 1 |a Disponible solo en los productos indicados  |d vLex Global  |d vLex Global (Academic Edition, excluding Law Schools)  |d vLex Global (U.S. Academic Edition, Law Schools)  |d vLex Global (U.S. Academic Edition, excluding Law Schools)  |d vLex Global (Academic Edition, Law Schools) 
650 0 4 |a Administracin̤ (Management)  |z Colombia 
740 0 |a vLex Libros (Servicio en ln̕ea) 
856 4 0 |u https://vlex.com/source/responsabilidad-social-empresarial-un-modelo-de-gestion-para-las-organizaciones-33453  |z Acceso restringido 
942 |c BOOK 
999 0 |a Management